000
00280nam a22001217a 4500
008
181015b xxu||||| |||| 00| 0 eng d
041
_a
eng
080
_2
3 ED
_a
321
100
_a
21
101
_a
POL
245
_a
Modern Political Systems Europe
_c
Wards.m
942
_2
udc
_c
BK
999
_c
49712
_d
49712